| 000 | 00000nam 2200000zi 4500 |
| 001 | 9.943312 |
| 003 | CaOODSP |
| 005 | 20250402095106 |
| 006 | m o d f |
| 007 | cr mn||||||||| |
| 008 | 240917t20242024onc o f000 0 fre d |
| 020 | |a9780660736822 |q(rapport sur les constatations) |
| 020 | |a9780660736839 |q(rapport sommaire) |
| 040 | |aCaOODSP|bfre|erda|cCaOODSP |
| 043 | |an-cn--- |
| 045 | |ay2y2 |
| 086 | 1 |aRv4-206/2024F-PDF |
| 086 | 1 |aRv4-206/2024-1F-PDF |
| 245 | 00|aProjet de sécurité et de service améliorés par voie numérique pour les entreprises : |brapport sur les constatations / |cpréparé pour l'Agence du revenu du Canada. |
| 246 | 17|aAgence du revenu du Canada - projet de sécurité et de service améliorés par voie numérique pour les entreprises |
| 264 | 1|aOttawa (Ontario) : |bAgence du revenue du Canada = Canada Revenue Agency, |c2024. |
| 264 | 4|c©2024 |
| 300 | |a1 ressource en ligne (71 pages) + |bsommaire (4 pages) |
| 336 | |atexte|btxt|2rdacontent/fre |
| 337 | |ainformatique|bc|2rdamedia/fre |
| 338 | |aressource en ligne|bcr|2rdacarrier/fre |
| 500 | |aPublié aussi en anglais sous le titre : Digitally enhanced security and service for businesses project: findings report. |
| 500 | |a« Fournisseur : Ipsos. » |
| 500 | |a« Numéro de contrat : CW2354937. » |
| 500 | |a« Date de livraison : Le 9 septembre 2024. » |
| 500 | |a« Numéro d'enregistrement : POR 139-23. » |
| 500 | |aLe fichier de publication en format PDF a été remplacé le 05-02-2024 à la requête d'Agence du revenu du Canada. |
| 650 | 6|aContribuables|xNuméros d'identification|zCanada|xOpinion publique. |
| 650 | 6|aEntreprises|xImpôts|zCanada|xOpinion publique. |
| 650 | 6|aOpinion publique|zCanada. |
| 710 | 2 |aAgence du revenu du Canada, |eorganisme de publication. |
| 710 | 2 |aIpsos (Firme). |bAffaires publiques, |econsultant. |
| 775 | 08|tDigitally enhanced security and service for businesses project : |w(CaOODSP)9.943308 |
| 856 | 40|qPDF|s1.12 Mo|uhttps://publications.gc.ca/collections/collection_2025/arc-cra/Rv4-206-2024-fra.pdf|z(rapport sur les constatations) |
| 856 | 40|qPDF|s292 Ko|uhttps://publications.gc.ca/collections/collection_2025/arc-cra/Rv4-206-2024-1-fra.pdf|z(rapport sommaire) |
| 856 | 4 |qHTML|sS.O.|uhttps://epe.bac-lac.gc.ca/100/200/301/pwgsc-tpsgc/por-ef/canada_revenue_agency/2024/139-23-f/139-23-rapport.html|z(rapport sur les constatations) |
| 856 | 4 |qHTML|sS.O.|uhttps://epe.bac-lac.gc.ca/100/200/301/pwgsc-tpsgc/por-ef/canada_revenue_agency/2024/139-23-f/sommaire/139-23-sommaire.html|z(rapport sommaire) |
| 856 | 4 |qHTML|sS.O.|uhttps://epe.bac-lac.gc.ca/100/200/301/pwgsc-tpsgc/por-ef/canada_revenue_agency/2024/139-23-f/index.html|z(ensemble de données complet) |